000 01200ngm a2200349 u 4500
001 796638
005 20260506095712.0
007 vf|||
008 030218s2000 spa
035 _a796638
040 _ccomduadb
041 _aspa
080 _aV
100 1 0 _aArredondo, Juan G.
_4drt
_edrt
_9507389
245 1 0 _aCuentos de cantaoras
260 _aMedellín :
_bLuz Artificial Producciones,
_c2000.
300 _a1 videocasete (24 min.) : son., col.; 1/2 plg.
_3VHS
490 0 _aHistorias de mujeres colombianas
505 8 0 _tMujeres de frontera
505 8 0 _tSaberes de la selva y el mar
505 8 0 _tLos sueños elásticos
505 8 0 _tEl hombre blanco tiene sed
520 3 _aResumen :presenta a las mujeres cantaoras del Atlantico y del Pacifico que guardan en sus cantos sus historias y tradicion.
650 _aMujeres - Aspectos culturales
_9108079
650 7 _aTradición oral
_2lemb
_913709
650 _aCaribe (Región)
_917201
650 _aRegion del Pacifico (Colombia)
_917308
650 _aCanciones folclóricas
_93190
650 7 _aMujeres
_zColombia
_2lemb
_9170313
700 1 0 _aArboleda C., Mauricio
_4edt
_eedt
_9369485
942 _cBOOK
999 _c281772
_d281772